Memoirs of an unconventional soldier, (Record no. 552305)

000 -LEADER
fixed length control field 00671cam a22001691 4500
082 ## - DEWEY DECIMAL CLASSIFICATION NUMBER
Classification number 355.009241
Author Mark FUL
100 1# - MAIN ENTRY--PERSONAL NAME
Personal name Fuller, J. F. C.
9 (RLIN) 37121
245 10 - TITLE STATEMENT
Title Memoirs of an unconventional soldier,
Statement of responsibility, etc. by Major-General J.F.C. Fuller.
260 ## - PUBLICATION, DISTRIBUTION, ETC.
Place of publication, distribution, etc. London,
Name of publisher, distributor, etc. I. Nicholson and Watson,
Date of publication, distribution, etc. 1936.
300 ## - PHYSICAL DESCRIPTION
Extent xii, 494p.
Other physical details front., plates, ports., maps (part fold.) diagrs.
Dimensions 23cm.
500 ## - GENERAL NOTE
General note "I have dealt mainly with my work as chief of the General staff of the Tank corps."--Pref.
526 ## - STUDY PROGRAM INFORMATION NOTE
Program name 0
Interest level 0
Reading level 0
Title point value 355_009241000000000_FUL
650 #0 - SUBJECT ADDED ENTRY--TOPICAL TERM
Topical term or geographic name entry element MCE
9 (RLIN) 379
650 #0 - SUBJECT ADDED ENTRY--TOPICAL TERM
Topical term or geographic name entry element Tank warfare.
9 (RLIN) 49525
650 #0 - SUBJECT ADDED ENTRY--TOPICAL TERM
Topical term or geographic name entry element World War, 1914-1918
General subdivision Campaigns
Geographic subdivision Western Front.
9 (RLIN) 49302
942 ## - ADDED ENTRY ELEMENTS (KOHA)
Source of classification or shelving scheme
Koha item type Book
Holdings
Withdrawn status Lost status Source of classification or shelving scheme Damaged status Not for loan Permanent Location Current Location Date acquired Total Checkouts Full call number Barcode Date last seen Price effective from Koha item type
          Military College of Engineering (MCE) Military College of Engineering (MCE) 01/13/2015   355.009241 FUL MCE-ECM/104 01/13/2015 01/13/2015 Book
© 2023 Central Library, National University of Sciences and Technology. All Rights Reserved.